000 00386cam a22001457a 4500
008 180718b1955 xxu||||| |||| 00| 0 eng d
082 _aT1 M461
100 _aMeade, J.E.
245 _aAn Introduction to economic analysis and policy
_cby J.E. Meade
250 _a2nd ed.
260 _aLondon
_bOUP
_c1955
300 _a396p.
650 _aFinance, Public -Policy
650 _aEconomics
999 _c373424
_d373424